Legal and Constitutional history (Record no. 1310637)

MARC details
000 -LEADER
fixed length control field 00563nam a2200217Ia 4500
005 - DATE AND TIME OF LATEST TRANSACTION
control field 20250505124918.0
008 - FIXED-LENGTH DATA ELEMENTS--GENERAL INFORMATION
fixed length control field 008 250505s9999 xx 000 0 eng d
037 ## - SOURCE OF ACQUISITION
Stock number Reference
040 ## - CATALOGING SOURCE
Original cataloging agency LCO
Language of cataloging eng
Transcribing agency LCO
041 ## - LANGUAGE CODE
Language code of text/sound track or separate title eng
Source of code eng
084 ## - COLON CLASSIFICATION NUMBER
Classification number Zv,73 Q8
Assigning agency LCO
100 ## - MAIN ENTRY--PERSONAL NAME
Personal name Jois, M.R.
9 (RLIN) 683809
245 #0 - TITLE STATEMENT
Title Legal and Constitutional history
Statement of responsibility, etc. M.R. Jois
250 ## - EDITION STATEMENT
Edition statement 1st
260 ## - PUBLICATION, DISTRIBUTION, ETC.
Place of publication, distribution, etc. Haryana, India
Name of publisher, distributor, etc. LexisNexis
Date of publication, distribution, etc. 2018
300 ## - PHYSICAL DESCRIPTION
Extent 723
365 ## - TRADE PRICE
Price type code INR
Price amount 850
650 ## - SUBJECT ADDED ENTRY--TOPICAL TERM
Topical term or geographic name entry element Law
942 ## - ADDED ENTRY ELEMENTS (KOHA)
Koha item type Reference
Classification part Zv,73 Q8
Holdings
Withdrawn status Lost status Damaged status Not for loan Home library Current library Date acquired Source of acquisition Cost, normal purchase price Total Checkouts Full call number Barcode Date last seen Price effective from Koha item type
        Law Centre-I Library Law Centre-I Library 2025-05-05 Singhal Publication 850.00   Zv,73 Q8 LO1645497 2025-05-05 2025-05-05 Reference
Copyright @ Delhi University Library System